| 000 | 01932nac a2200337 a 4500 | ||
|---|---|---|---|
| 003 | Co-PeBPM | ||
| 005 | 20241104201005.0 | ||
| 008 | 241104e2019 |||a|||| |||| 00| 0 spa d | ||
| 020 | _a9789584279767 | ||
| 020 | _a9584279769 | ||
| 040 |
_aCo-PeBPM _bspa _cCo-PeBPM _erda |
||
| 041 | _aspa | ||
| 082 | 0 | 4 |
_a(i) 986.103 B932b _222 |
| 100 | 1 | 0 |
_aBuitrago, Jairo _d1970 _eautor |
| 245 | 1 | 0 |
_aLas batallas de la independencia _c/ Jairo Buitrago ; ilustraciones Santiago Guevara. |
| 250 | _aPrimera edición | ||
| 260 |
_aBogotá, Colombia _b: Editorial planeta _c, 2019 |
||
| 300 |
_a67 páginas _b: ilustraciones a color _c; 21 centímetros |
||
| 490 | _aPlaneta junior | ||
| 500 | _aBreve cronología de la Independencia de Colombia al final del texto | ||
| 500 | _aContiene datos biográficos del autor al final del texto | ||
| 504 | _aIncluye bibliografía. | ||
| 520 | _aLa historia cuenta que, durante la época de la Independencia de Colombia, los héroes que todos conocemos tomaron las armas impulsados por el deseo de libertad y se lanzaron a la batalla contra la opresión española. La revolución, sin embargo, no fue solamente un conflicto entre España y sus colonias. Fue, también, una guerra entre americanos: criollos, mestizos, negros, mulatos. Una guerra entre hermanos. Este libro ilustrado cuenta la historia de dos personajes ficticios que participaron en la gesta: un niño llanero que atravesó su territorio hasta llegar al puente Boyacá, y un joven oficial del rey que desembarcó en Cartagena para pelear una guerra que pronto dejó de sentir como propia. | ||
| 650 | 1 | 4 |
_aColombia _2LEMB _xHistoria |
| 650 | 1 | 4 |
_2LEMB _aGuerra de independencia _y1810-1819 |
| 650 | 1 | 4 |
_2LEMB _aLiteratura juvenil |
| 650 | 1 | 4 |
_2Literatura infantil _aLEMB |
| 700 | 1 |
_aGuevara, Santiago _d1990 _eilustrador |
|
| 942 |
_2ddc _cBK _n0 |
||
| 999 |
_c60133 _d60133 |
||